| 000 | 00822nam a2200265 i 4500 | ||
|---|---|---|---|
| 001 | bg | ||
| 100 | 1 |
_aAltkorn, Jerzy _d(1931-2004). |
|
| 245 | 1 | 0 |
_aMarketing w turystyce / _cJerzy Altkorn. |
| 250 |
_a[Wyd. 1 _adodr. 3]. |
||
| 260 |
_aWarszawa : _bWydawnictwo Naukowe PWN, _c1998. |
||
| 300 |
_a202, [2] s. : _brys., 1 wykr. ; _c21 cm. |
||
| 504 | _aBibliogr. s. 201-[203]. | ||
| 650 | 9 | _aMarketing | |
| 650 | 9 |
_aPrzedsiębiorstwo usługowe _xekonomika |
|
| 650 | 9 |
_aTurystyka _xekonomika |
|
| 655 | _aPodręczniki | ||
| 020 | _a8301112956 | ||
| 040 | _cBPK | ||
| 041 | 0 | _apol | |
| 080 | _a338.48:339.13](07) | ||
| 920 | _a83-01-11295-6 | ||
| 942 | _cKS | ||
| 008 | s pl f |000 0 pol | ||
| 856 |
_uhttp://koha.tu.koszalin.pl/cgi-bin/koha/opac-detail.pl?biblionumber=53197 _yKatalog online BPK |
||
| 999 |
_c53197 _d53197 |
||